[Missa Julia and a Magnificat.

Saved in:
Bibliographic Details
Main Author: Vecchi, Orazio, 1550-1605.
Corporate Author: Archivio capitolare di Modena.
Other Authors: Vecci, Orazio, 1550-1605.
Format: Musical Score
Language:Latin
Published: 15--]
Subjects:
Tags: Add Tag
No Tags, Be the first to tag this record!
LEADER 00728ndm a2200241 4500
001 007700901-0
005 20041218194145.0
008 980209s15uu xx muz| a nn| lat d
035 0 |a ocm38939148 
040 |a MH-Mu  |c MH-Mu 
100 1 |a Vecchi, Orazio,  |d 1550-1605. 
240 1 0 |a Missa Julia 
245 0 0 |a [Missa Julia and a Magnificat. 
260 |c 15--] 
300 |a 1 ms. choirbook ([26] leaves) 
500 |a Manuscript. Original in the Archivio capitolare, Modena (I MOd). 
650 0 |a Masses  |x Parts. 
650 0 |a Magnificat (Music) 
650 0 |a Music  |x Manuscripts. 
710 2 |a Archivio capitolare di Modena.  |k Manuscript.  |n Mus. V. 
700 1 2 |a Vecci, Orazio,  |d 1550-1605.  |t Magnificat. 
988 |a 20020608 
906 |0 MH